000 00450nam a2200157Ia 4500
008 210716s1981 xx 000 0 und d
020 _a002901820X
041 _aeng
082 _a658.4092 BASB
100 _aBass, Bernard M.
245 _aStogdill's handbook of leadership: a survey of theory and research.
_bSurvey of theory and research.
250 _a1
260 _aNew York
_bFree press
_c1981
300 _axviii,856
650 _aLeadership
999 _c198681
_d198681